000 00492nam a22001937a 4500
008 150622b xxu||||| |||| 00| 0 eng d
020 _a0072433639
041 0 _aeng
080 _a658.15
100 _aPrice, Robert W.'
245 _aEntrepreneurship 01/02
_cRobert W. Price;
250 _a3rd Edition
260 _aUSA:
_bMcGraw-Hill;
_c2001.
300 _a229 f.:
_bme il.;
_c25 cm.
505 _aIndex: f. 225-229
650 0 _aNdërmarrësi
650 0 _aOrganizim
942 _2udc
_cBK
999 _c1062
_d1062